00634cac a2200181 4500008004100000020001500041035001200056050002000068100002600088245013200114260004900246300003200295440002200327504003200349504001900381506002000400650003200420050307r20022002ag 000 0 spa u a9508020695 aa44468100aJA76 bM46 20021 aMendioca, Gloria Edel13aLa planificación de las políticas sociales :bplanteo de un caso para su análisis y evaluación /cGloria Edel Mendioca. aBuenos Aires : b Espacio Editorial, c 1997 a193 p. : b il. ; c 20 cm. 0aCiencias sociales aBibliografía : p. 189-193 aIncluye indice aRec. prop. esc.10aPolitica social zArgentina